Determinación de medidas de conservación de energía para un edificio comercial
Guardado en:
| Hovedforfatter: | |
|---|---|
| Andre forfattere: | , , |
| Format: | Bog |
| Sprog: | Spanish |
| Udgivet: |
[San José, Costa Rica] : Universidad de Costa Rica, Facultad de Ingeniería, Instituto de Investigaciones en Ingeniería
2012
|
| Tags: |
Tilføj Tag
Ingen Tags, Vær først til at tagge denne postø!
|
MARC
| LEADER | 00000nam a2200000Ia 4500 | ||
|---|---|---|---|
| 003 | PI0205 | ||
| 005 | 20240529083608.0 | ||
| 008 | 140114s2012 cr a 000 ||spa d | ||
| 040 | |c cru CEDI | ||
| 100 | |a Alfaro Pérez, Johnny, 1989- |9 2921 | ||
| 245 | |a Determinación de medidas de conservación de energía para un edificio comercial | ||
| 260 | |a [San José, Costa Rica] : Universidad de Costa Rica, Facultad de Ingeniería, Instituto de Investigaciones en Ingeniería |c 2012 | ||
| 500 | |a Informe Final No. 731-B1-279 | ||
| 700 | |a Torres Quirós, Cindy María, 1980- |9 2748 | ||
| 700 | |a Molina Porras, Mario, 1975- |9 3134 | ||
| 700 | |a Montero Echeverría, Juan José, 1985 |9 1466 | ||
| 942 | |c PI |h PI-205 |i PI0205 |6 PI_205_PI0205 | ||
| 999 | |c 13076 |d 13076 | ||
